| 000 | 01229cam a22002771i 4500 | ||
|---|---|---|---|
| 003 | SA-RiAUC | ||
| 005 | 20241024151551.0 | ||
| 008 | 241023s1998____mr g b 000 0 ara c | ||
| 040 |
_aSA-MaHRM _bara _cSA-RiAUC _erda |
||
| 082 | 0 | 4 |
_a251 _qSA-RiAUC |
| 090 |
_a251 _bخ د ي |
||
| 100 | 1 |
_aالخديم، محمد الحسن بن أحمد، _d1957- _eمؤلف. |
|
| 245 | 1 | 0 |
_aسلم المطالع لدرك الكوكب الساطع / _cمحمد الحسن بن أحمد الجوادي ؛ تحقيق أبو محمد بن محمد الحسن. |
| 250 | _aالطبعة الأولى. | ||
| 264 | 1 |
_a[مكان النشر غير محدد] : _b[الناشر غير محدد]، _c1998 |
|
| 264 | 3 |
_aالدار البيضاء، المغرب : _bمطبعة النجاح الجديدة |
|
| 300 |
_a572 صفحة ؛ _c24 سم |
||
| 336 |
_aنص _btxt _2rdacontent _3كتاب |
||
| 337 |
_aبدون وسيط _bn _2rdamedia |
||
| 338 |
_aمجلد _bnc _2rdacarrier |
||
| 504 | _aيشتمل على إرجاعات ببليوجرافية. | ||
| 650 | 7 |
_aأصول الفقه الإسلامي _2aucsh |
|
| 700 | 1 |
_aالحسن، أبو محمد بن محمد _eمحقق. |
|
| 942 |
_2ddc _cBOOK _n0 |
||
| 949 |
_aSA-JeALM _d241023 _umohamedma123 _n1 |
||
| 999 |
_c1692 _d1692 |
||